| 000 | 01038nas a2200325 4500 | ||
|---|---|---|---|
| 001 | BR0501775 | ||
| 003 | BR-BrBNA | ||
| 005 | 20231205105219.0 | ||
| 007 | ta | ||
| 008 | 230509b bl.|||p| |||| 00| 00por d | ||
| 040 |
_aBR-BrBNA _bpor _cBiblioteca Nacional de Agricultura |
||
| 041 | _a(Pt) | ||
| 072 | _aL70 | ||
| 100 | 1 | _aSouza, D.F.M.C. | |
| 100 | 1 | _aFerreira, C.L.L.F. | |
| 100 | 1 | _aSouza, A.V.C. de | |
| 100 | 1 | _aCosta, N.M.B. | |
| 100 | 1 | _aYbarra, L.M. | |
| 100 | 1 | _aAzevedo, E.M.C. | |
| 245 | 1 | _aTranslocação de Lactobacillus acidophilus em ratos alimentados com dieta rica em colesterol e ácido cólico suplementada com probiótico | |
| 650 | _aRATO BRANCO | ||
| 650 | _aEXPERIÊNCIA DE LABORATÓRIO | ||
| 650 | _aDIETA | ||
| 650 | _aCOLESTEROL | ||
| 650 | _aMICRORGANISMO | ||
| 650 | _aANÁLISE ESTATÍSTICA | ||
| 773 | 0 |
_tCiência e Tecnologia de Alimentos (Brazil) _xISSN 0101-2061 _g(Oct-Dec 2004), v. 24(4) p. 522-526 _wBR0501775 |
|
| 909 |
_a202311 _bLúcia _c55 _dLúcia Elande |
||
| 942 |
_2AGRIS _n0 _cANA |
||
| 999 |
_c181801 _d181801 |
||